|
|
|
|
| LEADER |
01395nam a22002537a 4500 |
| 003 |
GR-PaULI |
| 005 |
20210117210941.0 |
| 007 |
ta |
| 008 |
190807s2019 gr of||f m||| 00| 0 gre d |
| 952 |
|
|
|0 0
|1 0
|2 nlm
|4 0
|6 WT_104_ΤΣΕ
|7 1
|9 234514
|a MEDI
|b MEDI
|d 2019-08-07
|i Δ/001615
|l 0
|o WT 104 ΤΣΕ
|p 025000175554
|r 2019-08-07 00:00:00
|t 1
|v 2019.00
|w 2019-08-07
|y BKTD
|
| 999 |
|
|
|c 142214
|d 142214
|
| 040 |
|
|
|a GR-PaULI
|b gre
|c GR-PaULI
|e AACR2
|
| 060 |
|
|
|a WT 104
|
| 100 |
1 |
|
|9 177518
|a Τσεκούρα, Μαρία Α.
|e συγγραφέας
|
| 245 |
1 |
0 |
|a Συσχέτιση άσκησης και ποιότητας ζωής σε ασθενείς με χαρακτηριστικά σαρκοπενίας /
|c Τσεκούρα Α. Μαρία ; Πανεπιστήμιο Πατρών, Σχολή Επιστημών Υγείας, Τμήμα Ιατρικής.
|
| 260 |
|
|
|a Πάτρα :
|b [χ.ό.],
|c 2019.
|
| 300 |
|
|
|a 247 σ. :
|b φωτ., πίν. ;
|c 30 εκ.
|
| 502 |
|
|
|a Διατριβή (διδακτορική) -- Πανεπιστήμιο Πατρών, Πάτρα, 2019.
|
| 504 |
|
|
|6 Περιλαμβάνει βιβλιογραφία.
|
| 650 |
|
4 |
|9 42163
|a Γήρανση
|
| 650 |
|
4 |
|9 2798
|a Μυοσκελετικό σύστημα
|
| 710 |
2 |
|
|9 33723
|a Πανεπιστήμιο Πατρών
|b Σχολή Επιστημών Υγείας
|b Τμήμα Ιατρικής
|
| 942 |
|
|
|2 nlm
|c BKTD
|
| 998 |
|
|
|c ΜΑΝΙΑΚΗ
|d 2019
|